000 00634nam a2200205Ii 4500
003 JO-AjNU
008 230605s9999||||xx |||||||||||||| ||und||
017 _a2010/2/533
040 _aJO-AjNU
_bara
_erda
_cJO-AjNU
041 _aara
050 1 4 _aPJ7814.T71.R24 2010
100 3 _aتأليف الأطرش، ليلى,
_eauthor
_950147
245 0 0 _aرغبات ذاك الخريف
264 3 1 _aعمان:وزارة الثقافة،2010
300 _a320ص
336 _atext
_btxt
_2rdacontent
337 _aunmediated
_bn
_2rdamedia
338 _avolume
_bnc
_2rdacarrier
650 4 _aالأدب العربي - روايات
_950148
999 _aA22072
_c25640
_d25640